Culture Générale. Niveau: MOYEN - Statistiques

Statistiques générales
  • Ce quiz a été pris 808 fois
  • Le résultat moyen est 8 sur 10
Statistiques - réponses
Question Réponse % Correct
Qui a écrit "Les Misérables" ? Victor Hugo
99%
Qui a découvert l'Amérique ? Christophe Colomb
98%
Quel élément chimique a pour symbole "Fe" ? Fer
96%
En quelle année à eu lieu la Révolution Française ? 1789
93%
Quelle montagne est la plus haute du monde ? L'Everest
92%
Quelle est la capitale de l'Australie ? Canberra
91%
Quelle est la première lettre de l'alphabet Grec ? Alpha
90%
Quel est le plus long fleuve du monde ? ( 2 réponses possibles ) Nil/Amazone
86%
Qui a inventé l'imprimerie ? Johannes Gutenberg
48%
Quelle est la plus grande mer du monde ? Mer des Philippines
3%
Aucun quiz correspondant
Distribution des résultats
% des personnes avec chaque résultat
Percentile par nombre de réponses
Votre historique - résultats
Vous n’avez pas pris ce quiz